| 000 | 00743nam a22002177a 4500 | ||
|---|---|---|---|
| 005 | 20251108164152.0 | ||
| 008 | 250721s1992 xx 000 0 ara d | ||
| 082 | 1 | 4 | _a301.29564/لجن |
| 245 | 1 | 0 | _aمن مقاومة التطبيع إلى مواجهة الهيمنة / |
| 264 | 1 |
_aعمان : _bرابطة الكتاب الأردنيين، _c1992. |
|
| 300 | _a118ص | ||
| 490 | 0 | _aدفاعاً عن الثقافة العربية فيفلسطين المحتلة ؛ 3 | |
| 650 | 1 | 7 | _aالثقافة |
| 650 | 1 | 7 | _aفلسطين |
| 650 | 1 | 7 | _aالسلام |
| 650 | 1 | 7 | _aالعرب |
| 650 | 1 | 7 | _aإسرائيل |
| 710 | 2 | _aلجنة الدفاع عن الثقافة القومية ( القاهره ) | |
| 942 |
_2ddc _cBK |
||
| 999 |
_c5380 _d5380 |
||